| 000 | 00532nam a22001697a 4500 | ||
|---|---|---|---|
| 005 | 20241030111812.0 | ||
| 008 | 230329b ||||| |||| 00| 0 eng d | ||
| 020 | _a9781119515364 | ||
| 040 | _cAIMIT LIBRARY | ||
| 082 |
_21 _a519.5 _bSEIR |
||
| 100 |
_aSeiersen, Richard. _979705 |
||
| 245 |
_aMetrics manifesto : _bconfronting security with data / _cBy Richard Seiersen. |
||
| 260 |
_aCanada : _bJohn Wiley & Sons , _c2022. |
||
| 300 |
_axiv,300p. ; _bHP _c23.5 cm. |
||
| 650 |
_aMetrics. _979706 |
||
| 942 |
_2ddc _cBK _e1st _k519.5 SEIR |
||
| 999 |
_c227096 _d227096 |
||